000 00921nam a22002657a 4500
005 20260203084015.0
008 260203t ||||| |||| 00| 0 spa d
020 _a9789585032507
020 _a9789585032514
040 _aCO-BoUCM
_cDavid Moreno
_dDavid Moreno
041 _aspa
100 1 _aSoto Orejuela, Andrés Felipe
_9187870
245 1 _aNeuroproducto
_b7 métodos para crearlos
_cAndrés Felipe Soto Orejuela
250 _a1a.Ed
260 _aBogotá, Colombia
_b Ecoe Ediciones
_c2022
300 _a336 páginas
650 1 4 _aNeuromarketing
_939030
650 1 4 _aDesarrollo de productos
_912947
650 1 4 _aComportamiento del consumidor
_911290
650 1 4 _aPsicología del consumidor
_922820
650 1 4 _aDiseño centrado en el usuario
_9187871
650 1 4 _aInnovación empresarial
_9179930
942 _2DEWEY
_a16
_cLIBRO
_e1
_h658.834019
_mS718n
_n0
999 _c326050
_d326050